00263 a2200109 4500001000700000020000600007040001100013100004100024240004200065245003700107362000900144167319 a  cMagnum aSantos, Santa Marli Pires Dos (Org.)10aO ludico na formacao do educadorlpor10aO ludico na formacao do educador0 a1899